| 000 | 01193cad a22002535a 4500 | ||
|---|---|---|---|
| 001 | L149209 | ||
| 008 | 100203e20100129xxkd f s 000 0 eng d | ||
| 035 | _a(Sirsi) u149209 | ||
| 041 | 0 | _aeng | |
| 050 | 0 | 4 | _a333.33 $2 18 |
| 110 | 2 |
_aRoyal Institution of Chartered Surveyors _bEconomics _95033 |
|
| 245 | 0 | 0 |
_aRICS global real estate weekly _b29 January 2010 _h[electronic resource] |
| 260 |
_aLondon _bRICS _c2010 |
||
| 490 | 0 |
_aRICS Global Real Estate Weekly _v29 January 2010 |
|
| 520 | _aRICS Q4 Global Commercial Property Survey confirmed that an investment-led property recovery has spread to a wider number of real estate markets. Australian building approvals and Canadian housebuilding are showing ongoing improvements. A recovery in activity is appearing in the French construction sector. | ||
| 521 | _aAdvanced | ||
| 590 | _aKA | ||
| 650 | 2 | 4 | _aRICS GLOBAL REAL ESTATE WEEKLY |
| 651 | 4 | _aInternational | |
| 690 | _aBUILT ENVIRONMENT-CONSTRUCTION MARKET | ||
| 690 | _aPROPERTY-COMMERCIAL PROPERTY-COMMERCIAL PROPERTY MARKET | ||
| 856 | 4 | 0 |
_uhttps://www.rics.org/site/scripts/download_info.aspx?fileID=5747 _zView the report free of charge at www.rics.org... |
| 942 | _n0 | ||
| 999 |
_c110415 _d110415 |
||